00601nam a2200157Ia 4500008004100000082001000041100005800051245005000109250000600159260005400165300000800219600005800227630005000285700005800335730005000393090124s9999 xx 000 0 und d b32707 aपाठक सुरेश त्र्यंबक a अस्त अस्मितेचा ... a1 bअश्वमेध प्रकाशनc1995 a255 aपाठक सुरेश त्र्यंबक a अस्त अस्मितेचा ... aपाठक सुरेश त्र्यंबक a अस्त अस्मितेचा ...